| 000 | 00526cam a2200193ua 4500 | ||
|---|---|---|---|
| 001 | 5742 | ||
| 008 | 131028n ii |||gr||||Z||||||eng | ||
| 020 | _a978-81-250-0808-8 | ||
| 020 | _a81-250-0808-X | ||
| 040 | _cMAIN | ||
| 082 | _a934 | ||
| 100 |
_aThapar,Romila, _eAuthor. |
||
| 245 |
_aAncient Indian Social History : _bSome Interpretations / _cby Romila Thapar . |
||
| 260 |
_aDelhi: _bOrient Longman, _c2006. |
||
| 300 | _aix,333p. | ||
| 653 | _aIndia to 647 | ||
| 653 | _aAncient India Social History | ||
| 942 | _cBK | ||
| 999 |
_c4900 _d4900 |
||